100 Digits Of Pi Sprint - Statistics

General Stats
  • This quiz has been taken 23 times
    19 since last reset
  • The average score is 72 of 100
Answer Stats
Hint Answer % Correct
1
100%
1
100%
GO! 3
100%
4
100%
5
100%
9
100%
2
94%
2
94%
2
94%
3
94%
3
94%
3
94%
4
94%
5
94%
5
94%
6
94%
6
94%
6
94%
7
94%
8
94%
8
94%
9
94%
9
94%
2
88%
3
88%
3
88%
3
88%
4
88%
5
88%
7
88%
8
88%
9
88%
0
81%
1
81%
2
81%
4
81%
8
81%
8
81%
9
81%
1
69%
7
69%
0
63%
0
63%
0
63%
0
63%
0
63%
1
63%
1
63%
2
63%
2
63%
2
63%
2
63%
3
63%
3
63%
3
63%
4
63%
4
63%
4
63%
4
63%
5
63%
5
63%
5
63%
6
63%
6
63%
6
63%
6
63%
7
63%
7
63%
7
63%
8
63%
8
63%
8
63%
8
63%
9
63%
9
63%
9
63%
9
63%
9
63%
9
63%
0
56%
0
56%
1
56%
1
56%
2
56%
2
56%
2
56%
3
56%
3
56%
4
56%
4
56%
5
56%
6
56%
6
56%
7
56%
7
56%
8
56%
8
56%
8
56%
9
56%
9
56%
No matching quizzes found
Score Distribution
Percent of People with Each Score
Percentile by Number Answered
Your Score History
You have not taken this quiz since the last reset